French Word Translation - Colours - Statistics

General Stats
  • This quiz has been taken 1,758 times
  • The average score is 11 of 11
Answer Stats
French English % Correct
bleu(e) blue
100%
rouge red
100%
noir(e) black
99%
vert(e) green
99%
orange orange
99%
rose pink
99%
violet(te) purple
99%
blanc(he) white
99%
jaune yellow
99%
brun(e) brown
98%
gris grey
98%
No matching quizzes found
Score Distribution
Percent of People with Each Score
Percentile by Number Answered
Your Score History
You have not taken this quiz